| 000 | 00859cam a2200133 4500500 | ||
|---|---|---|---|
| 005 | 20260405011534.0 | ||
| 041 | _afre | ||
| 042 | _adc | ||
| 100 | 1 | 0 |
_aFuligni, Bruno _eauthor |
| 245 | 0 | 0 | _aLa France du temps des Républiques |
| 260 |
_bArmand Colin,
_c2020. |
||
| 520 | _aL’auteur nous raconte sa «petite histoire» mettant en scène la France du temps des Républiques de 1848 à l’avènement de la Ve (1958) à la manière du petit manuel publié au 19e siècle chez Armand Colin par Ernest Lavisse.Comme un conteur, Bruno Fuligni nous plonge au cœur de la naissance de la République en 1848 avec Louis-Napoléon Bonaparte jusqu’à la Ve inaugurée par René Coty auquel succédera Charles de Gaulle dès 1959 | ||
| 856 | 4 | 1 | _uhttps://shs.cairn.info/la-france-du-temps-des-republiques--9782200627195?lang=fr&redirect-ssocas=7080 |
| 999 |
_c2095595 _d2095595 |
||